000 00604nam a2200241 a 4500
001 0001-1008
003 ELIB.Books
008 141021 2010 eng
020 _a0851104673
035 _a(ELIB.Books)0001-1162
092 _a234
_bBri
100 _aBridge, Donald
245 _aSigns and Wonders Today
260 _aEngland
_bInter-Varsity Press
_c1985
300 _a204
_c18 Cm
500 _aDr. Yahalaylayla
650 _aGifts, Spiritual
856 _nKBTS; Library
_uKBTS; Elib.
942 _2ddc
_cBK
990 _a1
998 _cbat
_e2014-10-21
999 _c11008
_d11008